000 00259nam a2200109Ia 4500
008 190216s9999||||xx |||||||||||||| ||und||
100 _aMade Gowda
245 0 _aManagement Accounting
260 _bHimalaya Publishing House
_c1997
300 _a380p
942 _cBK
999 _c5603
_d5603